| 000 | 00373nam a22001217a 4500 | ||
|---|---|---|---|
| 082 | _a332.1224 | ||
| 100 | _aSate Bank of Pakistan | ||
| 245 |
_aMonthly Statistical Bulletin May 2011 _cSate Bank of Pakistan |
||
| 260 |
_aKarachi _bPublication Deptt Sate Bank of Pakistan _c2011 |
||
| 300 | _a260p | ||
| 942 |
_2ddc _cBK |
||
| 999 |
_c587789 _d587789 |
||